| 000 | nam a22 7a 4500 | ||
|---|---|---|---|
| 999 |
_c28430 _d28430 |
||
| 008 | 170303b xxu||||| |||| 00| 0 eng d | ||
| 020 | _a9780785822400 | ||
| 050 | _aQB 500.25 .M37 2004 | ||
| 100 | _aMarriott, Leo | ||
| 245 |
_aThe Universe/ _cLeo Marriott |
||
| 260 |
_aNew Jersey: _bChartwell Books, _c2004. |
||
| 300 |
_a255p.: _bill.; _c19cm. |
||
| 521 | _aIncludes index. | ||
| 942 |
_2lcc _cBOOKS _hQB 500.25 .M37 2004 |
||